000 00919nam a2200277 a 4500
005 20180803165414.0
008 140217b2009 ck ||||| |||| 00| 0 spa d
041 _aspa
044 _ack
090 _aIAVH
_b01323
100 _aGalindo, Gustavo
_93106
245 _aPlanificación ecorregional para la conservación de la biodiversidad en el pacífico continental colombiano
260 _aBogotá
_bIAVH
_bANH
_bThe Nature Conservancy
_bIdeam
_c2009
300 _a23 p.
650 _aAreas de conservación
_96141
650 _aPlanificación regional
_91075
650 _aPlanificación ambiental
_992289
650 _aEcosistemas
_992256
650 _aEcosistemas amenazados
_96144
662 _aColombia
_cRegión Pacifica
700 _aPalacios, Santiago
_92569
700 _aBernal, Néstor Ricardo
_94715
700 _aOtero, Javier
_93101
700 _aBetancourth, Juan Carlos
_94714
942 _cImpreso
_2z
999 _c6865
_d6865